Statistics for Sharks Picture Quiz

Click here to take the quiz!

General Stats

  • This quiz has been taken 142 times
  • The average score is 11 of 15

Answer Stats

Answer% Correct
Great White Shark
100%
Great Hammerhead
99%
Tiger Shark
98%
Whale Shark
98%
Basking Shark
91%
Bull Shark
90%
Shortfin Mako Shark
88%
Blacktip Shark
87%
Whitetip Shark
82%
Lemon Shark
76%
Nurse Shark
61%
Spotted Wobbegong
48%
Spiny Dogfish
41%
Porbeagle
22%
Sandbar Shark
18%

Score Distribution

Percentile by Number Answered

Percent of People with Each Score

Your Score History

You have not taken this quiz